01364namaa22003251i 450000500170000000800410001704000430005804100180010104900120011909700090013109900310014010000440017124501910021524601090040626400100051530000410052533600220056633700250058833800230061350200420063650400320067865300350071070000400074570000370078570000420082290001340086490500100099894200190100899900110102720260416095411.0260416s1995 ua a|||frm||| 000 0 eng d aEG-GICUCbengcEG-GICUCdEG-GICUCerda0 aengbengbara aDeposit aM.Sc aCai01.07.01.M.Sc.1995.Th.R0 aThamer Izeedin Al Hanish,epreparation.10aResidual Effect of Herbicides in some Field Crops /cBy Thamer Izeedin Al Hanish ; Supervised Dr. Ahmed H. El-Hattab, Dr. Shaban A.Shaban, Dr. Ezzaldin O. AbusteitbRemainder of title / 15aدراسة الاثر المتبقي لمبيدات الحشائش في بعض محاصيل الحقل 0c1995. a124 Leavesbillustrationsc30 cm. +  2rda contentatext 2rdamediaaUnmediated 2rdacarrieravolume aThesis (M.Sc.)-Cairo University, 1995 aBibliography: pages 114-124 0aHerbicides in some Field Crops0 aAhmed H. El-Hattabethesis advisor.0 aShaban A.Shabanethesis advisor.0 aEzzaldin O. Abusteitethesis advisor. DDepartment of AgronomyFFaculty of AgricultureUCairo Universityb1995cAhmed H. El-HattabcShaban A.ShabancEzzaldin O. Abusteit aNehad 2ddccTHe21n0 c179516